Statistics for Rustage's 2021 Songs

Click here to take the quiz!

General Stats

  • This quiz has been taken 24 times
  • The average score is 27 of 54

Answer Stats

Inspired BySongFeature% Correct
Gojo from Jujustu KaisenRunning In BlindMcGwire
76%
Goku & Vegeta from DragonballSuperShao Dow
76%
Luffy from One PieceBounce BackBrokeN
71%
Alucard from Hellsing UltimateBloodTOPHAMHAT-KYO
65%
From Overflow Album (Extended Version)Pineapple JuiceLulunaRina
65%
OriginalPineapple JuiceNone
65%
Anime Cypher (Streaming Service Name)SupernovaShofu, Connor Quest, PE$O PETE, Shao Dow, Lex Bratcher, Shwabadi, Louverture, Khantrast, 954mari & Breeton Boi
65%
Luffy, Ace & SaboBound By BloodShwabadi & Connor Quest
59%
Minato, Bardock, Isshin and Dragon from Various AnimesDaddy's HomeShwabadi, Connor Quest & DizzyEight
59%
Shigaraki from My Hero AcademiaDustConnor Quest
59%
Rimuru from Slime IsekaiSlimeConnor Quest & Breeton Boi
59%
From Overflow AlbumTraumaNone
59%
From Overflow AlbumUK BIASShwabadi, Connor Quest, Breeton Boi & Shao Dow
59%
Anime Cypher (Streaming Service Name)YonkoPE$O PETE, Connor Quest, Lex Bratcher & Shwabadi
59%
From Overflow AlbumCaptain's QuartersDan Bull & The Stupendium
53%
Anime Cypher (Streaming Service Name)FireBreeton Boi, Cam Steady, Connor Quest, The Kevin Bennett, IAMCHRISCRAIG, Shwabadi, Sinewave Fox, HalaCG, Zach B, Shao Dow, Ty Wild, Mir Blackwell, Jamar Rose, NoneLikeJoshua & Samad Savage
53%
Nezuko from Demon SlayerOniLulunaRina
53%
Ainz Ooal Gown from OverlordOverlordBurefu
53%
Inosuke from Demon SlayerRoarShao Dow
53%
Anime Protagonists, Rivals & VillainsShowdownShwabadi & Connor Quest
53%
Zuko from Avatar: The Last AirbenderStand And BurnBen Schuller
53%
Team 7 from NarutoTurn It UpLex Bratcher, Shao Dow & NemRaps
53%
Gogeta from Dragon BallUnitShwabadi
53%
From Overflow AlbumVirtue's Last RewardBen Schuller
53%
From Overflow AlbumWin StreakMcGwire
53%
From Overflow AlbumAnbuPFV (Postcard)
47%
Akatsuki from NarutoBleed GrayFabvL
47%
Bakugou from My Hero AcademiaBlow UpAerial Ace
47%
From Overflow AlbumBow Down To The KingNone
47%
Usopp from One PieceBullseyeNone
47%
From Overflow AlbumCan't StopNone
47%
Sakuna from Jujustu KaisenDemon KingFrazer
47%
Saber from FateExcaliburCami-Cat
47%
Deidra from NarutoLet It BangNone
47%
Naruto from NarutoLook At Me NowShwabadi & Connor Quest
47%
Anime VillainOne Of A KindNone
47%
Uchiha from NarutoRedKhantrast
47%
From Overflow AlbumStupidShwabadi
47%
Anime Cypher (Streaming Service Name)7 WarlordsShwabadi, Lex Bracther, DizzyEight, Shofu, PE$O PETE & Connor Quest
41%
Boruto from NarutoAwakePFV (Postcard)
41%
Team Taka from NarutoCrewTy Wild, DA-WOLF & 954mari
41%
Anime Rap BattleMadara vs AizenDizzyEight
41%
From Overflow AlbumMurderNone
41%
From Overflow Album (Remaster)Outside The AirlockNone
41%
Josuke from JoJo's Bizarre AdventuresShining Like DiamondsMcGwire
41%
Anime Cypher (Streaming Service Name)Sports AnimeDelta Deez, Aerial Ace, Breeton Boi, Mir Blackwell, Khantrast, Zach B, Mac Ro, KickFlamez, Ty Wild, Freeced, Vanquish SoReal, FrivolousShara, Nicky Trakks, Mix Williams & 954mari
41%
Shinra from Fire ForceSurrender In FlamesSinewave Fox
41%
Zoro from One PieceThree SwordsSL!CK & Shao Dow
41%
Yuji from Jujustu KaisenWalking With The DeadRichie Branson
41%
Aizen from BleachWelcome To The DungeonDizzyEight & McGwire
41%
Sabura from Re:ZeroAgainMcGwire & LulunaRina
35%
MistbornMistbornNone
35%
Phantom Troupe from Hunter X HunterPhantomMix Williams
35%
From Overflow AlbumTrust My SoundHalaCG
29%

Score Distribution

Percentile by Number Answered

Percent of People with Each Score

Your Score History

You have not taken this quiz